000 00753nam a22001937a 4500
005 2008062304334.0
008 080623t xxu||||| |||| 00| 0 hin d
010 _aHIN-45885
020 _c15.00
037 _bDBAD
040 _adpl
_bHN
082 _a
100 _aअग्रवाल, सुधा
245 _aरंग-बिरंगी कहानियाँ /
_cसुधा अग्रवाल
260 _aमथुरा
_bभाषा भवन
_c1996
300 _a32पृ.
_c23सेमी.
942 _cHN
_2ddc
_h
_mअग्रवा
999 _c13826
_d13826